| 000 | 00698cab a2200253 4500 | ||
|---|---|---|---|
| 001 | WB3407-05 | ||
| 008 | 090401t1998 xxu||||| |||| 00| 0 eng d | ||
| 035 | _a(Sirsi) u84307 | ||
| 041 | _aeng | ||
| 245 | _aWages up 15% | ||
| 260 | _c1998 | ||
| 350 | _a0 | ||
| 490 |
_aBuilding _v263(7) 13 February 1998, 7(1) |
||
| 520 | _aMcGinley Recruitment reports that construction trade wages in the South-east have gone up 15% since October 1997. | ||
| 650 | _aCONSTRUCTION INDUSTRY | ||
| 650 | _aLABOUR COSTS | ||
| 650 | _aRECRUITMENT AGENCIES | ||
| 650 | _aSOUTH EAST | ||
| 650 | _aWAGE INCREASES | ||
| 650 | _aWAGES | ||
| 690 | _aBUILT ENVIRONMENT | ||
| 942 | _n0 | ||
| 948 | _c17/02/1998 | ||
| 999 |
_c52978 _d52978 |
||